Biblioteca

Introduction to world religions (Registro nro. 47089)

Detalles MARC
000 -LÍDER
Campo fijo de descripción fija 01179nam a22003257a 4500
001 - NÚMERO DE CONTROL
Campo de control 20738
003 - IDENTIFICADOR DEL NÚMERO DE CONTROL
Campo de control CO-MdFUSB
005 - FECHA Y HORA DE LA ULTIMA TRANSACCIÓN
control field 20240531062744.0
008 - ELEMENTOS DE LONGITUD FIJA -- INFORMACIÓN GENERAL
Campo fijo de descripción fija -- Información general 160920t2010 xxu||||| |||| 00| 0 eng d
020 ## - NÚMERO INTERNACIONAL NORMALIZADO PARA LIBROS
Número Internacional Normalizado del libro 978-0-687-66000-1
040 ## - FUENTE DE CATALOGACIÓN
Agencia que realiza la transcripción CO-MdFUSB
Agencia de catalogación original CO-MdFUSB
Idioma de catalogación Español
Agencia que realiza la modificación CO-MdFUSB
Convenciones de la descripción rda
041 ## - CÓDIGO DE IDIOMA
Código de idioma para texto/pista de sonido o título separado eng
082 ## - NÚMERO DE CLASIFICACIÓN DECIMAL DEWEY
Número de la edición del Dewey 24
Número de clasificación G 200
Clave de autor-Numero de item N496i
100 1# - ASIENTO PRINCIPAL--NOMBRE PERSONAL
Nombre personal Neusner, Jacob., (Editor)
245 10 - TÍTULO
Título del Material Introduction to world religions
Parte restante del título - Subtitulo : Communities and cultures
Mención de responsabilidad, etc. / Edited by Jacob Neusner
264 ## - PRODUCCIÓN, PUBLICACIÓN, DISTRIBUCIÓN, MANUFACTURA, Y COPYRIGHT
Lugar de producción, publicación, distribución, manufactura Nashville, Tennessee:
Nombre del productor, publicador, distribuidor Abingdon Press,
Fecha de producción, publicación, distribución, manufactura, o copyright 2010
300 ## - DESCRIPCIÓN FÍSICA
Extensión xxiii, 349 páginas
336 ## - TIPO DE CONTENIDO
Fuente rdacontent
Término de tipo de contenido
Código de tipo de contenido
337 ## - TIPO DE MEDIO
Fuente rdamedia
Nombre del tipo de medio
Código del tipo de medio
338 ## - TIPO DE SOPORTE
Fuente rdacarrier
Nombre del tipo de soporte
Código Tipo de soporte
501 ## - NOTA DE “CON”
Nota de Contenido Rústico
505 00 - NOTA DE CONTENIDO
Nota de contenido con formato preestablecido Introducción a las religiones del mundo: Comunidades y culturas - Judaísmo - Cristianismo - Islam - Hinduismo - Budismo - Taoísmo - Confucionismo - Sintoístas - Religiones indígenas - Nuevas religiones americanas del siglo XIX - Nuevas religiones americanas del siglo XX
650 #7 - ASIENTO SECUNDARIO DE MATERIA - TERMINO TEMÁTICO
9 (RLIN) 385
Término temático o nombre geográfico como elemento de entrada Religión
650 #7 - ASIENTO SECUNDARIO DE MATERIA - TERMINO TEMÁTICO
Término temático o nombre geográfico como elemento de entrada Cristianismo
Fuente del encabezamiento o término
9 (RLIN) 22
650 #7 - ASIENTO SECUNDARIO DE MATERIA - TERMINO TEMÁTICO
Término temático o nombre geográfico como elemento de entrada Judaísmo
Fuente del encabezamiento o término
9 (RLIN) 6881
653 ## - TÉRMINO DE INDIZACIÓN - NO CONTROLADO
Término no controlado Islam
653 ## - TÉRMINO DE INDIZACIÓN - NO CONTROLADO
Término no controlado Hinduísmo
653 ## - TÉRMINO DE INDIZACIÓN - NO CONTROLADO
Término no controlado Budismo
942 ## - TIPO DE MATERIAL (KOHA)
Tipo de Item KOHA Libros General
Existencias
Estado de Material Estado de Perdido Forma de Clasificación Estado de Dañado No para Préstamo Colección Tomo Biblioteca de Origen Biblioteca Permanente Fecha de Adquisición Total de Préstamos Total de Renovaciones Signatura Topográfica Código de Barras Última vez visto Última vez Préstado Ejemplar/Existencia Fecha de Remplazo Tipo de Material
    Dewey Decimal Classification     Colección General   Biblioteca FUSBC Biblioteca FUSBC 19/08/2015 3 3 G 200 N496i 20133 19/03/2020 11/02/2020 Ej. 1 26/01/2016 Libros General

Biblioteca FUSBC | Teléfono: (57+4) 349 88 10 Ext. 141| WhatsApp (+57) 3005338115 
E-mail: biblioteca@unisbc.edu.co | Calle 76 87-14 Robledo Palenque, Medellín, Colombia

Con tecnología Koha